000 00354 a2200133 4500
245 _aWriting Lives
_hprint
020 _a9781779222701
700 _aStaunton, Irene
650 _aENGLISH LITERATURE
005 20191017172721.0
260 _arh
_c2013
084 _aMLCS 2013/01353 (P)
300 _aix, 96 pages
_b 21 cm
_cix, 96 pages ; 21 cm
500 _aedited by Irene Staunton.
999 _c9270
_d9270